Estate agents redress schemes (Record no. 80354)

MARC details
000 -LEADER
fixed length control field 01139cad a22002295a 4500
001 - CONTROL NUMBER
control field L144123
008 - FIXED-LENGTH DATA ELEMENTS--GENERAL INFORMATION
fixed length control field 070622e20080619xxk f f000 0 eng d
035 ## - SYSTEM CONTROL NUMBER
System control number (Sirsi) u144123
041 0# - LANGUAGE CODE
Language code of text/sound track or separate title eng
110 1# - MAIN ENTRY--CORPORATE NAME
Corporate name or jurisdiction name as entry element United Kingdom
Subordinate unit Office of Fair Trading
9 (RLIN) 4767
245 00 - TITLE STATEMENT
Title Estate agents redress schemes
Medium [electronic resource]
260 ## - PUBLICATION, DISTRIBUTION, ETC.
Date of publication, distribution, etc. 2008
490 ## - SERIES STATEMENT
Series statement OFT Press Release
Volume/sequential designation 19 June 2008
520 ## - SUMMARY, ETC.
Summary, etc. Announces the launch of a statutory estate agents redress scheme. The Secretary of State for Business Enterprise and Regulatory Reform will now be able to make an Order under The Estate Agents Act 1979 (as amended 2007) obliging estate agents to join an approved scheme. The scheme will come into force on 1 October 2008.
590 ## - LOCAL NOTE (RLIN)
Local note KA NTK
650 24 - SUBJECT ADDED ENTRY--TOPICAL TERM
Topical term or geographic name entry element ESTATE AGENTS ACT 1979
650 24 - SUBJECT ADDED ENTRY--TOPICAL TERM
Topical term or geographic name entry element CONSUMERS, ESTATE AGENTS AND REDRESS ACT 2007
651 #4 - SUBJECT ADDED ENTRY--GEOGRAPHIC NAME
Geographic name United Kingdom
Chronological subdivision
690 ## - LOCAL SUBJECT ADDED ENTRY--TOPICAL TERM (OCLC, RLIN)
Topical term or geographic name as entry element MANAGEMENT-BUSINESS MANAGEMENT-PROFESSIONAL PRACTICE
856 40 - ELECTRONIC LOCATION AND ACCESS
Uniform Resource Identifier <a href="https://webarchive.nationalarchives.gov.uk/20121030220204/http://www.oft.gov.uk/OFTwork/estate-agents/EARS/">https://webarchive.nationalarchives.gov.uk/20121030220204/http://www.oft.gov.uk/OFTwork/estate-agents/EARS/</a>
Public note View the article free of charge at www.oft.gov.uk...
942 ## - ADDED ENTRY ELEMENTS (KOHA)
Suppress in OPAC 0
Holdings
Withdrawn status Lost status Source of classification or shelving scheme Damaged status Not for loan Home library Current library Shelving location Date acquired Total Checkouts Full call number Barcode Date last seen Copy number Price effective from Koha item type
    Dewey Decimal Classification     Virtual Virtual Online 20/06/2008   ONLINE PUBLICATION 144123-2001 06/08/2019 1 06/08/2019 Online material